Indian cities / (Record no. 72962)
[ view plain ]
| 000 -LEADER | |
|---|---|
| fixed length control field | 00784nam a22002537a 4500 |
| 005 - DATE AND TIME OF LATEST TRANSACTION | |
| control field | 20140606105618.0 |
| 010 ## - LCCN (DPL NO) | |
| LC control number | ENG-106564 |
| 020 ## - INTERNATIONAL STANDARD BOOK NUMBER | |
| International Standard Book Number | 0198075367 |
| Terms of availability | 195.00 |
| 020 ## - INTERNATIONAL STANDARD BOOK NUMBER | |
| International Standard Book Number | 9780198075363 |
| Terms of availability | 195.00 |
| 035 ## - SYSTEM CONTROL NUMBER | |
| System control number | EN-90097 |
| 035 ## - SYSTEM CONTROL NUMBER | |
| System control number | B-506663 |
| 037 ## - SOURCE OF ACQUISITION | |
| Source of stock number/acquisition | DBAD / PUB |
| 037 ## - SOURCE OF ACQUISITION | |
| Source of stock number/acquisition | BSB/Ven |
| Stock number | dpl |
| 082 ## - DEWEY DECIMAL CLASSIFICATION NUMBER | |
| Classification number | 307 |
| 082 ## - DEWEY DECIMAL CLASSIFICATION NUMBER | |
| Classification number | 307.760954 |
| 100 ## - MAIN ENTRY--PERSONAL NAME | |
| Personal name | Shaw, Annapurna |
| 245 ## - TITLE STATEMENT | |
| Title | Indian cities / |
| Statement of responsibility, etc | by Annapurna Shaw |
| 260 ## - PUBLICATION, DISTRIBUTION, ETC. (IMPRINT) | |
| Place of publication, distribution, etc | New Delhi |
| Name of publisher, distributor, etc | Oxford University Press |
| Date of publication, distribution, etc | 2012 |
| 270 ## - ADDRESS | |
| Address | YMCA Library Building, Jai Singh Road |
| City | New Delhi |
| Postal code | 110001 |
| 300 ## - PHYSICAL DESCRIPTION | |
| Extent | xxxii, 200p. |
| Dimensions | 20cm (pbk) |
| 500 ## - GENERAL NOTE | |
| General note | Includes index |
| 942 ## - ADDED ENTRY ELEMENTS (KOHA) | |
| Source of classification or shelving scheme | Dewey Decimal Classification |
| Item type | English Books |
| Call number suffix | SHA |
| Classification part | 307.760954 |
| Withdrawn status | Lost status | Not for loan | Collection code | Home library | Current library | Date acquired | Source of acquisition | Cost, normal purchase price | Full call number | Barcode | Copy number | Cost, replacement price | Koha item type |
|---|---|---|---|---|---|---|---|---|---|---|---|---|---|
| Non-fiction | Central Library | Central Library | 06/06/2014 | BSB/880/09.03.2013/169/08.03.2013/22.03.2013 | 195.00 | 307.760954 SHA | B-506663 | 1 | 195.00 | English Books | |||
| Non-fiction | D.B.Act.Division | D.B.Act.Division | 15/01/2013 | DBAD/PUB | 195.00 | 307 SHA | EN-90097 | 1 | 195.00 | English Books |
